| 000 | 00829nam a2200229 a 4500 | ||
|---|---|---|---|
| 001 | 19972 | ||
| 003 | CO-ViMGA | ||
| 008 | 141112s2004 ck r 000 u spa d | ||
| 020 | _a9589041566 | ||
| 040 |
_aCO-ViMGA _bspa _cCO-ViMGA |
||
| 082 | 0 | 4 | _a370.9861 G184r |
| 100 | 1 |
_aGaviria, Juan Felipe; Mockus, Antanas; Abad, Hector; Ospina, William _929000 |
|
| 245 | 1 | 0 |
_aUna Reflexión sobre Colombia desde la educación : _bTensión de la memoria y placer del pensamiento |
| 260 |
_aMedellín : _bFondo editorial Universidad Eafit, _c2000 |
||
| 300 | _a68 p. | ||
| 490 | _aColección bordes de vida | ||
| 590 | _aForma de adquisición : Premio Mincultura | ||
| 650 | 1 | 4 |
_aeducación - ASPECTOS CULTURALES _929001 |
| 650 | 1 | 4 | _aeducación - COLOMBIA |
| 650 | 1 | 4 |
_aSOCIOLOGIA DE LA educación - COLOMBIA _929002 |
| 942 |
_2ddc _cBK |
||
| 999 |
_c29091 _d29091 |
||